Ekonomia spoločnosti založenej na vedomostiach
Technologické stupňe ekonomického rozvoja. Prechod do druhej etapy postindustriálnej spoločnosti a jej ekonómia. Súčasný prístup k vymedzeniu ekonómie vedomostí. Pojem vedomosti v ekonómii a odborových, odvetvových a úsekových ekonomikách. Ekonómia generovania vedomostí. Vedomosti v sociálnom kont...
Salvato in:
| Autore principale: | |
|---|---|
| Natura: | Capitolo di libro |
| Lingua: | slovacco |
| Soggetti: | |
| Tags: |
Nessun Tag, puoi essere il primo ad aggiungerne!!
|
MARC
| LEADER | 00000naa$a2200000$$$4500 | ||
|---|---|---|---|
| 001 | 0057526 | ||
| 005 | 20240502071641.1 | ||
| 041 | 0 | |a slo | |
| 044 | |a SK | ||
| 245 | 1 | 0 | |a Ekonomia spoločnosti založenej na vedomostiach |c Ladislav Andrášik |
| 520 | |a Technologické stupňe ekonomického rozvoja. Prechod do druhej etapy postindustriálnej spoločnosti a jej ekonómia. Súčasný prístup k vymedzeniu ekonómie vedomostí. Pojem vedomosti v ekonómii a odborových, odvetvových a úsekových ekonomikách. Ekonómia generovania vedomostí. Vedomosti v sociálnom kontexte a sociálne učenie sa. Porovnanie podielov informačných a vedomostných profesií v EÚ 15 | ||
| 610 | 2 | 0 | |a ekonomika vedomostná |
| 610 | 2 | 0 | |a vedomosti |
| 610 | 2 | 0 | |a informácie |
| 610 | 2 | 0 | |a rozvoj hospodársky |
| 610 | 2 | 0 | |a technológie informačné |
| 610 | 2 | 0 | |a technológie komunikačné |
| 610 | 2 | 0 | |a veda ekonomická |
| 610 | 2 | 0 | |a spoločnosť postindustriálna |
| 610 | 2 | 0 | |a spoločnosť vedomostná |
| 100 | 1 | |a Andrášik, Ladislav | |